000 00330nam a2200121Ia 4500
008 220214s9999 xx 000 0 und d
100 _aSeyferth Dietmar
245 0 _aConvenient organomercury CH2 transfer system
260 _bJournal of Organometallic Chemistry
_c1972
300 _a41-43
700 _aHaas Carol K
942 _cRE
999 _c45931
_d45931